10-Letter Countries Quiz Stats

 Plays Quiz Updated Sep 17, 2014

Score 0/20 Timer 04:00
1 Play Today
% Correct
Kazakhstan
70.8%
Uzbekistan
70.6%
South Korea
69.1%
North Korea
67.9%
Tajikistan
67.4%
New Zealand
64.7%
Kyrgyzstan
64.1%
Madagascar
63.3%
Azerbaijan
59.5%
Luxembourg
58%
% Correct
South Sudan
53.8%
Mozambique
52.6%
Mauritania
51%
Montenegro
47.7%
Bangladesh
43.8%
El Salvador
40.5%
Seychelles
38.5%
Micronesia
37.5%
Timor-Leste
31.6%
Saint Lucia
31.5%

You're not logged in!

Compare scores with friends on all Sporcle quizzes.
OR
Log In

Sporcle TV

Today on Sporcle TV


Watch our educational content, quiz creation guides, and fun videos on Sporcle TV.

Show Comments

Extras

Top Quizzes Today


Score Distribution

Your Account Isn't Verified!

In order to create a playlist on Sporcle, you need to verify the email address you used during registration. Go to your Sporcle Settings to finish the process.

Report this User

Report this user for behavior that violates our Community Guidelines.

Details: